Japan, three epochs of modern education. (Record no. 34197)

MARC details
000 -LEADER
fixed length control field 01206cam a22002771 4500
001 - CONTROL NUMBER
control field hew59000038
003 - CONTROL NUMBER IDENTIFIER
control field DLC
005 - DATE AND TIME OF LATEST TRANSACTION
control field 20260227111509.0
008 - FIXED-LENGTH DATA ELEMENTS--GENERAL INFORMATION
fixed length control field 731206s1959 dcua b 000 0 eng c
010 ## - LIBRARY OF CONGRESS CONTROL NUMBER
LC control number hew59000038
035 ## - SYSTEM CONTROL NUMBER
System control number (OCoLC)755641
040 ## - CATALOGING SOURCE
Original cataloging agency U.S. Dept. of Health, Education, and Welfare
Transcribing agency OClU
Modifying agency OCoLC
-- DLC
042 ## - AUTHENTICATION CODE
Authentication code premarc
050 00 - LIBRARY OF CONGRESS CALL NUMBER
Classification number L111
Item number .A6 1959, no. 11
051 ## - LIBRARY OF CONGRESS COPY, ISSUE, OFFPRINT STATEMENT
Classification number LA1312
Item number .A7
082 ## - DEWEY DECIMAL CLASSIFICATION NUMBER
Classification number 370.952
100 1# - MAIN ENTRY--PERSONAL NAME
Personal name Anderson, Ronald Stone,
Dates associated with a name 1908-
245 00 - TITLE STATEMENT
Title Japan, three epochs of modern education.
260 ## - PUBLICATION, DISTRIBUTION, ETC.
Place of publication, distribution, etc. [Washington]
Name of publisher, distributor, etc. U.S. Dept. of Health, Education, and Welfare, Office of Education
Date of publication, distribution, etc. [1959]
300 ## - PHYSICAL DESCRIPTION
Extent xii, 219 p.
Other physical details illus.
Dimensions 24 cm.
490 1# - SERIES STATEMENT
Series statement Bulletin / United States. Office of Education ;
Volume/sequential designation 1959, no. 11
501 ## - WITH NOTE
With note Copies 1 and 2 of L111.A6 with: Status of preparation programs for guidance and student personnel workers / Paul MacMinn and Roland G. Ross. Washington : U.S. Dept. of Health, Education, and Welfare, Office of Education, 1959. Bound together subsequent to publication.
Institution to which field applies DLC
504 ## - BIBLIOGRAPHY, ETC. NOTE
Bibliography, etc. note Bibliography: p. 209-214.
650 #0 - SUBJECT ADDED ENTRY--TOPICAL TERM
Topical term or geographic name entry element Education
Geographic subdivision Japan.
830 #0 - SERIES ADDED ENTRY--UNIFORM TITLE
Uniform title Bulletin (United States. Office of Education) ;
Volume/sequential designation 1959, no. 11.

No items available.

Powered by Koha